000 00617nam a22002057a 4500
005 20251108172833.0
008 250721s2004 xx 000 0 ara d
082 1 4 _a576.6/ خال
100 1 _aأبو خالد، أسامة
245 1 0 _aعلم الأحياء الدقيقة /
246 1 1 _amicrobiology
264 1 _aعمان :
_bمكتبة المجتمع العربي،
_c2004.
300 _a201 ص.
650 1 7 _aعلم الاحياء الدقيقة
650 1 7 _aالميكروبيولوجي
650 1 7 _aالفيروسات
700 1 _aالشناوي، سحر
942 _2ddc
_cBK
999 _c89717
_d89717